000 00355nam a2200133Ia 4500
008 231129s9999||||xx |||||||||||||| ||spa||
020 _a978-958-45-0517-0
040 _bspa
082 _a853 B472m
100 _aBenni Stefano
245 0 _aMargarita Dolcevita
264 _aBogotá Colombia : Norma
942 _2ddc
_cBKS
999 _c20646
_d20646